Arthur Characters-Hard Mode - Statistics

General Stats
  • This quiz has been taken 596 times
    568 since last reset
  • The average score is 41 of 159
Answer Stats
Read Family % Correct
Arthur Read
97%
D.W. Read
96%
Muffy Crosswire
89%
Buster Baxter
88%
Francine Frensky
88%
Binky Barnes
87%
David Read
81%
Kate Read
81%
Alan "The Brain" Powers
80%
Nigel Ratburn
80%
Jane Read
78%
Monique
75%
Sue-Ellen Armstrong
69%
Pal
68%
George Lundgren
67%
George
66%
Yo Yo Ma
63%
Fern Walters
61%
Prunella Deegan
61%
Thora Read
61%
Timmy Tibble
61%
Tommy Tibble
61%
Emily Leduc
56%
Grandpa Dave
51%
James Macdonald
50%
Jenna Morgan
48%
Ladonna Compson
47%
Bud
46%
Catherine Frensky
46%
Principal Haney
46%
Molly Macdonald
44%
Nemo
43%
Bitzi Baxter
39%
Ed Crosswire
39%
Rattles
39%
Mrs. Mcgrady
38%
Chip Crosswire
36%
Mary
35%
Bionic Bunny
32%
Bo Baxter
32%
Millicent Crosswire
32%
Oliver Frensky
32%
Rubella Deegan
32%
Slink
32%
Laverne Frensky
31%
Maria Pappas
29%
Alex Davidson
28%
Lance Armstrong
28%
Mei Lin Barnes
28%
Alberto Molina
27%
Mr. Barnes
27%
Mr. Morris
27%
Mr. Powers
27%
Mrs. Barnes
27%
Mrs. Powers
27%
Dark Bunny
26%
Grandma Tibble
26%
Aunt Lucy
25%
Miss Tingley
25%
Bud Compson
24%
Cora
24%
George's sister
24%
John
24%
Mr. Armstrong
24%
Mrs. Armstrong
24%
Amigo
23%
Killer
23%
Mary Moocow
23%
Miss Sweetwater
23%
Mrs. Lundgren
23%
Ms. Morgan
23%
Nadine Flumbergast
23%
Vecita Molina
23%
Wanda Deegan
23%
Mr. Rogers
22%
Neal Lundgren
21%
Carl Gould
20%
Harry Mills
20%
Bailey
19%
Doria walters
19%
Mrs. Molina
19%
Bubby
18%
Marina Datillo
18%
Paige Turner
18%
Ramón Molina
18%
Spanky
18%
Aunt Jessica
17%
Mr. Marco
17%
Loretta
15%
Uncle Richard
15%
Bonnie
14%
Jessica
14%
Matt Damon
14%
Mrs. Fink
14%
Ricky
14%
Art Garfunkel
13%
Michelle Kwan
13%
Amanda Hulser
12%
Patrick
12%
Sean
12%
Toady
12%
Brian
11%
Liam
11%
Lisa
11%
Mr. Cramp
11%
Chiekh Diouf
10%
Joshua Redman
10%
Luke
10%
Mr. Frumpus
10%
Paul Jacobs
10%
Billy
9%
Helen
9%
Kenny
9%
Kyle Fitzpatrick
9%
Mrs. Datillo
9%
Mrs. Wood
9%
Norman Hedgehog
9%
Carl Monino
8%
Edwin
8%
Frank Gehry
8%
Jack Weasel
8%
Mary Perchanok
8%
Mrs. Robertson
8%
Nancy
8%
Otis
8%
Perky
8%
Frederique Fugue
7%
Henry Skreever
7%
Larry King
7%
Maryann
7%
Mr. Higgins
7%
Ms. Krasny
7%
Fletcher
6%
Fritz Langley
6%
Koko Taylor
6%
Ming Tsai
6%
R.L. Stine
6%
Jack Prelutsky
5%
Lydia Fox
5%
Mrs. Cardigan
5%
Arthur Ganson
4%
Beulah McInnery
4%
Grotesquely Grim Bunny
4%
James Hound
4%
Lord Moldywart
4%
Neil Gaiman
4%
Phillip Seymor Hoffman
4%
Taj Mahal
4%
Uncle Wormy
4%
Kid Carter
3%
Persephone
3%
Starchild
3%
Supernova
3%
Detective Killgore
2%
Haggis
2%
Loki Benedictsson
2%
Mistral
2%
Rodney Gilfry
2%
No matching quizzes found
Score Distribution
Percent of People with Each Score
Percentile by Number Answered
Your Score History
You have not taken this quiz since the last reset